01406njm a2200241Ia 450000100060000000300090000600500170001500800410003204000130007304000130008610000280009910000180012710000370014524500260018225000110020826000110021926000120023030000100024230000290025250003170028150505160059865000500111424229IT-RoPAU20220918181133.0131025s9999 xx 000 0 und d aIT-RoPAU cIT-RoPAU aMozart Wolfgang Amadeus eAutore musica gCodice autore musica SPICS: 3486 aAimez-vous... Mozart? a1a ed. aFRANCE bPHILIPS aDISCO c93 minuti (Testo: pag.) aMusica classica. Musica sinfonica. Tra i direttori d'orchestra: Davis Colin Gibson, Alexander Marriner Neville, Redel Kurt; tra le orchestre: Academy of St.Martinnew. Philharmonia Orchestra, BBC Symphony Orchestra, Orchestre de la cathedrale de Vienne, London Symphony Orchestra, Orchestre des Concerts Lamoureux aSynphonie n. 40 en sol min K 55O - Air de cherubin des "Noces de Figaro" - Adagio et fugue en ut min K 546 - Sonate d'Eglise n. 2 pour orgue et orchestre en si b mag K 68 - Concerto pour piano orchestre n. 25 en ut magg K 5O3 "La Marseillaise" - Concerto pour clarinette en la magg K 622 - Serenade pour instruments a vent n. 11 en mi b magg K 375 - Concerto pour violon et orc n. 4 en re magg K 218 - Marche turque de la sonate pour piano en la magg K 331 - Concerto pour piano et orch n. 23 en la majeur K 488 aCLASSICA [DISCHI]eCodice MATERIA SPICS: 9950